| 000 | 00450nam a2200145Ia 4500 | ||
|---|---|---|---|
| 008 | 130318s9999 xx 000 0 und d | ||
| 020 | _a70483876 | ||
| 082 | _a006.33 CHA/H | ||
| 100 | _aChakravarthy, C.R et al. | ||
| 245 | _aHarnessing and managing knowledge:Thirty Seventh Annual National Convention of CSI 2002 | ||
| 260 |
_bTata McGraw Hill _aNew Delhi _c2002 |
||
| 300 | _a330 | ||
| 650 | _aKNOWLEDGE BASED SYSTEMS | ||
| 650 | _aKNOWLEDGE MANAGEMENT | ||
| 999 |
_c726 _d726 |
||